Don't forget me / Judy Corry.
Available copies
- 1 of 1 copy available at LARL/NWRL Consortium.
Current holds
0 current holds with 1 total copy.
Show Only Available Copies
| Location | Call Number / Copy Notes | Barcode | Shelving Location | Status | Due Date |
|---|---|---|---|---|---|
| Greenbush Public Library | ya COR (Text) | 35500006768863 | Main | Available | - |
Record details
- ISBN: 9781976585067
- ISBN: 1976585066
- ISBN: 9781957862057
- Physical Description: 289 pages ; 22 cm
- Publisher: [United States] : [Judy Corry], [2017]
- Copyright: ©2017
Content descriptions
| General Note: | Don't forget me is a stand-alone novel in The Ridgewater High series. |
| Summary, etc.: | Eliana Costa has never kissed a guy. Her best guy ... Read More |
Search for related items by subject
| Subject: | High school students > Fiction. Teenagers > Drama > Juvenile fiction. Best friends > Juvenile fiction. Young adult fiction. High school students Best friends Teenagers Young adult fiction |
| Genre: | Romance fiction Fiction Juvenile works Romance fiction. |
Search for related items by series
| LDR | 02331cam a2200493 i 4500 | ||
|---|---|---|---|
| 001 | 429535 | ||
| 003 | LARL_NWRL_CONSORTIUM | ||
| 005 | 20240111154151.0 | ||
| 008 | 171221t20172017xxu j 000 1 eng c | ||
| 040 | . | ‡aUWB ‡beng ‡erda ‡cUWB ‡dOCLCO ‡dOCLCQ ‡dOCLCF ‡dOCLCQ ‡dOCLCO ‡dUBY ‡dOCLCO ‡dOCL ‡dOCLCO ‡dOCL ‡dUBY ‡dOCL ‡dOCLCO ‡dOCLCQ | |
| 020 | . | ‡a9781976585067 ‡q(paperback) | |
| 020 | . | ‡a1976585066 ‡q(paperback) | |
| 020 | . | ‡a9781957862057 | |
| 035 | . | ‡a(OCoLC)1016164470 | |
| 042 | . | ‡apcc | |
| 100 | 1 | . | ‡aCorry, Judy, ‡eauthor. |
| 245 | 1 | 0. | ‡aDon't forget me / ‡cJudy Corry. |
| 264 | 1. | ‡a[United States] : ‡b[Judy Corry], ‡c[2017] | |
| 264 | 4. | ‡c©2017 | |
| 300 | . | ‡a289 pages ; ‡c22 cm | |
| 336 | . | ‡atext ‡btxt ‡2rdacontent | |
| 337 | . | ‡aunmediated ‡bn ‡2rdamedia | |
| 338 | . | ‡avolume ‡bnc ‡2rdacarrier | |
| 490 | 0 | . | ‡aRidgewater High ; ‡v2 |
| 500 | . | ‡aDon't forget me is a stand-alone novel in The Ridgewater High series. | |
| 520 | . | ‡aEliana Costa has never kissed a guy. Her best guy friend, Jess, is more than willing to help her out. He has plenty of experience, since he finds a new girlfriend every other week. But when a practice kiss brings on feelings Eliana hadn't bargained for, her already messy life is thrown into a new level of chaos. Life is already more than she can handle after her dad's disappearance. Eliana worries that if she admits her feelings to Jess, she just might lose her best friend. And right now, a best friend is all she needs. But when another girl tries to date Jess, Eliana is forced to decide if taking a chance on love is worth the risk.--Back cover. | |
| 650 | 0. | ‡aHigh school students ‡vFiction. ‡0(LARL_NWRL_CONSORTIUM)165594 | |
| 650 | 0. | ‡aTeenagers ‡vDrama ‡vJuvenile fiction. | |
| 650 | 0. | ‡aBest friends ‡vJuvenile fiction. ‡0(LARL_NWRL_CONSORTIUM)170952 | |
| 650 | 0. | ‡aYoung adult fiction. ‡0(LARL_NWRL_CONSORTIUM)35107 | |
| 650 | 7. | ‡aHigh school students ‡2fast ‡0(LARL_NWRL_CONSORTIUM)22133 | |
| 650 | 7. | ‡aBest friends ‡2fast ‡0(LARL_NWRL_CONSORTIUM)42255 | |
| 650 | 7. | ‡aTeenagers ‡2fast ‡0(LARL_NWRL_CONSORTIUM)36212 | |
| 650 | 7. | ‡aYoung adult fiction ‡2fast ‡0(LARL_NWRL_CONSORTIUM)35107 | |
| 655 | 7. | ‡aRomance fiction ‡2fast | |
| 655 | 7. | ‡aFiction ‡2fast | |
| 655 | 7. | ‡aJuvenile works ‡2fast | |
| 655 | 7. | ‡aRomance fiction. ‡2lcgft | |
| 901 | . | ‡a429535 ‡bAUTOGEN ‡c429535 ‡tbiblio | |

Add to basket
Permalink
Disable Highlighting